DIGITAL FUNDAMENTALS (Record no. 9886)
[ view plain ]
| 000 -LEADER | |
|---|---|
| fixed length control field | 00834nam a22001697a 4500 |
| 003 - CONTROL NUMBER IDENTIFIER | |
| control field | SGT |
| 020 ## - INTERNATIONAL STANDARD BOOK NUMBER | |
| International Standard Book Number | 9788131734483 |
| 082 ## - DEWEY DECIMAL CLASSIFICATION NUMBER | |
| Classification number | 621.381,FLO |
| 100 ## - MAIN ENTRY--PERSONAL NAME | |
| Personal name | FLOYD,THOMAS L |
| 245 ## - TITLE STATEMENT | |
| Title | DIGITAL FUNDAMENTALS |
| 250 ## - EDITION STATEMENT | |
| Edition statement | 10TH |
| 260 ## - PUBLICATION, DISTRIBUTION, ETC. (IMPRINT) | |
| Place of publication, distribution, etc | NEW DELHI |
| Name of publisher, distributor, etc | PEARSON |
| Year of Publication | 2013 |
| 300 ## - PAGE DESCRIPTION | |
| No. of Pages | 659 |
| 650 ## - SUBJECT ADDED ENTRY--TOPICAL TERM | |
| Topical term or geographic name as entry element | ELECTRONICS, PHYSICS |
| 653 ## - KEYWORDS--INDEX TERM | |
| Keyword term | 1. INTRODUCTORY CONCEPTS 2. NUMBER SYSTEMS, OPERATIONS, AND CODES 3. LOGIC GATES 4. BOOLEAN ALGEBRA AND LOGIC SIMPLIFICATION 5. COMBINATIONAL LOGIC ANALYSIS 6. FUNCTIONS OF COMBINATIONAL LOGIC 7. LATCHES AND FLIP-FLOPS 8. COUNTERS 9. SHIFT REGISTERS 10. MEMORY AND STORAGE 11. PROGRAMMABLE LOGIC AND SOFTWARE 12. INTEGRATED CIRCUIT TECHNOLOGIES APPENDIX A: KARNAUGH MAP POS MINIMIZATION APPENDIX B: THE QUINE-MCCLUSKEY METHOD ANSWERS TO ODD-NUMBERED PROBLEMS GLOSSARY INDEX |
| 942 ## - ADDED ENTRY ELEMENTS (KOHA) | |
| Source of classification or shelving scheme | Dewey Decimal Classification |
| Koha item type | FPS Books |
| 942 ## - ADDED ENTRY ELEMENTS (KOHA) | |
| -- | 2 |
| Withdrawn status | Lost status | Source of classification or shelving scheme | Damaged status | Not for loan | Collection code | Home library | Current library | Shelving location | Date acquired | Vendor Name | Cost, normal purchase price | SGTU | Bill Number | Total Checkouts | Full call number | Accession No. (Barcode) | Date last seen | Date last borrowed | Bill Date | Koha item type |
|---|---|---|---|---|---|---|---|---|---|---|---|---|---|---|---|---|---|---|---|---|
| Dewey Decimal Classification | SCIENCE | SGT Science & Social Sciences Library | SGT Science & Social Sciences Library | Text Book | 09/09/2016 | AHUJA BOOK | 759.00 | SGTU | 7132 | 3 | 621.381,FLO | PS2300 | 01/09/2022 | 18/08/2022 | 08/08/2016 | FPS Books | ||||
| Dewey Decimal Classification | SCIENCE | SGT Science & Social Sciences Library | SGT Science & Social Sciences Library | Text Book | 09/09/2016 | AHUJA BOOK | 759.00 | SGTU | 7132 | 1 | 621.381,FLO | PS2301 | 13/03/2020 | 14/01/2020 | 08/08/2016 | FPS Books | ||||
| Dewey Decimal Classification | Not For Loan | SCIENCE | SGT Science & Social Sciences Library | SGT Science & Social Sciences Library | Reference Book | 09/09/2016 | AHUJA BOOK | 759.00 | SGTU | 7132 | 621.381,FLO | PS2302 | 09/09/2016 | 08/08/2016 | FPS Books |